000 00654cab a22001935a 4500
001 L143785
008 080602e20080523xxk f 000 0 eng d
035 _a(Sirsi) u143785
041 0 _aeng
100 1 _aPatterson, Lindy
245 0 0 _aThings to take into account
260 _c2008
490 0 _aBuilding
_v274(8530) 23 May 2008, 59(1)
520 _aExamines project bank accounts. Advises that account holders need to be aware of the advantages and disadvantages of such accounts, especially regarding insolvency.
590 _aKA
651 4 _aUnited Kingdom
_y
690 _aMANAGEMENT-PROJECT MANAGEMENT-CONTRACT ADMINISTRATION
942 _n0
999 _c80277
_d80277